000 00521nam a2200193 a 4500
001 9410
003 CO-ViMGA
008 141112s2004 ck r 000 u spa d
040 _aCO-ViMGA
_bspa
_cCO-ViMGA
082 0 4 _a796.4 L128
100 1 _aLacaba Ramón ,
_910257
245 1 0 _aTecnica Sistematica y Metodología de la Musculación.
260 _aMadrd :
_bGymnos S.A,
_c1996
300 _a206p.
650 1 4 _aMUSCULACION
_910258
650 1 4 _aPOLEAS
_910259
650 1 4 _aSALA MULTITRABAJO
_910260
942 _2ddc
_cBK
999 _c20930
_d20930